Регионална библиотека "Любен Каравелов" - Русе

Всеки делник има красота (Запис номер 165258)

MARC детайли
000 -Лидер
Контролно поле с фиксирана дължина 01084nam a2200301 c 4500
003 - Код на организацията, давaща контролен номер
Контролно поле BLK
005 - Дата и час на последна редакция
Контролно поле 20231216005329.0
008 - Елементи от данни с фиксирана дължина
fixed length control field 180410b bul|||||r ||||||| ||bul||
010 ## - Наследен системен номер
LC control number KNG00172855000
040 ## - Източник на каталожния запис
Идентификатор на билиотеката - собственик на записа BLK
041 ## - Код за език
Код за езика на текст/звукозапис или на отделно заглавие Български
Код за езика КДБФ Български
080 ## - УДК
Текстов определител УДК Българска литература
УДК код - определител по УДК 821.163.2
УДК определител -1
УДК - код + определител 821.163.2-1
100 ## - Редна дума - Автор
Автор Дамянов, Дамян Петров
R(LIN) 363661
139 ## - Редно поле
Редна дума Дамянов, Дамян Петров
Авторски знак Дам - Д 15
245 10 - Сведения за заглавието
Заглавие Всеки делник има красота
Подзаглавни данни Стихотворения
Редно поле (дума) Дамян Петров Дамянов; худож. Албена Михайлова.
257 ## - Страна на издаване
Страна на създаване/издаване България
260 ## - Област на издателските данни
-- София
Име на издателя, разпространителя и проч. Профиздат
Година на издаване 1985
300 ## - Физическа характеристика
Страници 152 с.
Илюстрации и др. с ил.
Размери/Мащаб 21 см
380 ## - Жанр
Жанр Худож. лит.
500 ## - Общи забележки
Забележка 18 500 тир.
700 1# - Други автори (авторска отговорност)
Лично име Михайлова, Албена
Автороска отговорност (Описва отношението между автора и произведението) худож.
9 (RLIN) 336668
852 ## - Местоположение
Форматна сигнатура Цб 132639
856 4# - Електронен адрес и достъп
Електронен формат pdf - файл
Път до файла /url/
856 4# - Електронен адрес и достъп
Електронен формат pdf - файл
Път до файла /url/
942 ## - АРТИКУЛИ
Вид на библиотечния материал Книги
Скрит в OPAC Не
Koha issues (borrowed), all copies 4
944 ## - СЪЗДАВАНЕ И РЕДАКЦИЯ на ЗАПИСА
Създаване/Редакция Създаване
Дата на регистрацията/редакция 11.03.2015
Служител, извършил регистрацията/редакцията
Статус, дата на статуса CRON CRON
944 ## - СЪЗДАВАНЕ И РЕДАКЦИЯ на ЗАПИСА
Създаване/Редакция Редакция
Дата на регистрацията/редакция 23.02.2018
Служител, извършил регистрацията/редакцията Пенка_Димитрова
999 ## - СИСТЕМНИ КОНТРОЛНИ НОМЕРА
Koha biblionumber 165258
Koha biblioitemnumber 165258
Наличности
Код за отписване Код за изгубен артикул Източник на класификационната схема Код за повреда Коз за рестрикции Код за отдаване Артикулен № Име на библиотеката - собственик Име на библиотеката, в която се намира в момента Статус (Текущо местоположение) Дата на вписване в системата Местоположение - отдел Цена в лева Инвентарен номер Систематично азбучна сигнатура Баркод Номер на екземпляра Цена в евро Служебна бележка Служебен тип на артикула Бележка за публиката
  Не е изгубен Universal Decimal Classification Не е повреден без рестрикции ползва се в читалня 278555 Регионална библиотека "Любен Каравелов" Русе Регионална библиотека "Любен Каравелов" Русе Хранилище 1985-01-01 Хранилище 1.35 423860 Цб 132639 900000009270 1 0.69 Дост: Dp Вид: Сф N: стар фонд Дата: 01.01.1985 Книги  
Изтеглен Не е изгубен   Не е повреден без рестрикции заемане за дома 278556 Регионална библиотека "Любен Каравелов" Русе Регионална библиотека "Любен Каравелов" Русе   1985-01-01 Заемна - подръчен фонд 1.35 425480 П 886.7-1/Д 15 425480 2 0.69 Дост: Pk Вид: Сф N: стар фонд Дата: 01.01.1985 Книги Отч.N: 5 , Дата: 19.01.2018
Изтеглен Не е изгубен Universal Decimal Classification Не е повреден без рестрикции заемане за дома 278557 Регионална библиотека "Любен Каравелов" Русе Регионална библиотека "Любен Каравелов" Русе Заемна - подръчен фонд 1985-01-01 Заемна - подръчен фонд 1.35 425481 П 886.7-1/Д 15 425481 3 0.69 Дост: Pk Вид: Сф N: стар фонд Дата: 01.01.1985 Дата инв: 15.02.2018 Бележки инв: П2018 Книги  
Изтеглен Не е изгубен Universal Decimal Classification Не е повреден без рестрикции заемане за дома 278558 Регионална библиотека "Любен Каравелов" Русе Регионална библиотека "Любен Каравелов" Русе Заемна - подръчен фонд 1985-01-01 Заемна - подръчен фонд 1.35 425482 П 886.7-1/Д 15 425482 4 0.69 Дост: Pk Вид: Сф N: стар фонд Дата: 01.01.1985 Книги  
  Не е изгубен Universal Decimal Classification Не е повреден без рестрикции заемане за дома 278559 Регионална библиотека "Любен Каравелов" Русе Регионална библиотека "Любен Каравелов" Русе Заемна - подръчен фонд 1985-01-01 Заемна - подръчен фонд 0.01 623359 П 886.7-1/Д 15 120000623359 5 0.01 Дост: Pk Вид: Сф N: стар фонд Дата: 01.01.1985 Дата инв: 15.02.2018 Бележки инв: П2018 Книги  
Изтеглен Не е изгубен Universal Decimal Classification Не е повреден без рестрикции заемане за дома 278560 Регионална библиотека "Любен Каравелов" Русе Регионална библиотека "Любен Каравелов" Русе Заемна - подръчен фонд 1985-01-01 Заемна - подръчен фонд 1.35 649031 П 886.7-1/Д 15 649031 6 0.69 Дост: Pk Вид: Сф N: стар фонд Дата: 01.01.1985 Дата инв: 15.02.2018 Бележки инв: П2018 Книги  
  Не е изгубен Universal Decimal Classification Не е повреден без рестрикции заемане за дома 278561 Регионална библиотека "Любен Каравелов" Русе Регионална библиотека "Любен Каравелов" Русе Заемна - подръчен фонд 1985-01-01 Заемна - подръчен фонд 1.35 425927 П 886.7- 1/Д 15 120000425927 7 0.69 Дост: Pk Вид: Сф N: стар фонд Дата: 01.01.1985 Дата инв: 23.02.2018 Бележки инв: П2018 Книги  
Vip Innovations Ltd, Rousse, Bulgaria 2025